| 000 | 00890nmm a2200277 a 4500 | ||
|---|---|---|---|
| 001 | ocm000746598 | ||
| 003 | TR-IsHL | ||
| 005 | 20201028153458.0 | ||
| 008 | 140402s2006 tu tur | ||
| 007 | cr cn | ||
| 020 | _a9789758986293 | ||
| 035 |
_a746598 _b(N$T) |
||
| 050 | 0 | 4 |
_aPL248.E45 _bO3 2006 |
| 090 | 0 | 4 |
_aPL248.E45 _bO3 2006 |
| 100 | 1 | _aEmin, Ahmed | |
| 245 | 1 | 0 |
_aOğluma mektuplar _h[electronic resource] / _cAhmed Emin ; çev. Nevin Karabela |
| 260 |
_aİstanbul : _bAktif Yayınevi, _c2006 |
||
| 300 | _a96 p. | ||
| 650 | 4 | _aDil ve Edebiyat | |
| 650 | 4 | _aLanguage and Literature | |
| 650 | 0 |
_aTürk edebiyatı _x Mektuplar |
|
| 650 | 0 |
_aTurkish literature _x Letters |
|
| 650 | 7 |
_aLITERARY COLLECTIONS / Letters _2bisacsh |
|
| 700 | 1 | _aKarabela, Nevin | |
| 856 | 4 | 0 | _uhttp://search.ebscohost.com/login.aspx?direct=true&scope=site&db=e011xww&AN=746598 |
| 999 |
_c12069 _d12069 |
||